[Event "36th Teams Ch-GR"]
[Site "Kallithea Halkidiki"]
[Date "2008.07.06"]
[Round "1.6"]
[White "Papadopoulos, Ioannis K"]
[Black "Postny, Evgeny"]
[Result "0-1"]
[WhiteElo "2490"]
[BlackElo "2661"]
[PlyCount "76"]
[EventDate "2008.07.06"]
[WhiteTeam "OS TRIANDRIAS"]
[BlackTeam "SO HERAKLIOU"]

1. e4 e5 2. Nf3 Nc6 3. Bb5 a6 4. Ba4 Nf6 5. O-O Be7 6. Re1 b5 7. Bb3 d6 8. c3
O-O 9. h3 Na5 10. Bc2 c5 11. d4 Qc7 12. Nbd2 cxd4 13. cxd4 Rd8 14. b3 Nc6 15.
Bb2 Bb7 16. Rc1 Qb6 17. a3 exd4 18. b4 Nd7 19. Nb3 Nde5 20. Nfxd4 Nc4 21. Nxc6
Qxc6 22. Ba1 Qd7 23. Nd4 Bf6 24. Bb3 d5 25. Bxc4 dxc4 26. e5 Qd5 27. Qg4 h5 28.
Qg3 Bh4 29. Qh2 Bg5 30. Nf5 Qe6 31. Ne3 h4 32. Rcd1 Rd3 33. f4 Bh6 34. Rxd3
cxd3 35. Bc3 Rc8 36. Bd2 Qa2 37. Rd1 Rc2 38. Nf1 Qd5 0-1

[Event "36th Teams Ch-GR"]
[Site "Kallithea Halkidiki"]
[Date "2008.07.06"]
[Round "1.6"]
[White "Lirindzakis, Timotheos"]
[Black "Henrichs, Thomas"]
[Result "1/2-1/2"]
[WhiteElo "2360"]
[BlackElo "2491"]
[PlyCount "47"]
[EventDate "2008.07.06"]
[WhiteTeam "SO HERAKLIOU"]
[BlackTeam "OS TRIANDRIAS"]

1. d4 Nf6 2. Nf3 d5 3. c4 c6 4. cxd5 cxd5 5. Nc3 Nc6 6. Bf4 a6 7. Rc1 Bf5 8. e3
Rc8 9. Be2 e6 10. O-O Bd6 11. Bxd6 Qxd6 12. Na4 O-O 13. Nc5 Rc7 14. Qb3 Qe7 15.
Qb6 Rfc8 16. Rc3 Bg4 17. Rfc1 Ne4 18. R3c2 Nb8 19. Qb3 Bxf3 20. gxf3 Nxc5 21.
Rxc5 Rxc5 22. Rxc5 Rxc5 23. dxc5 Qc7 24. Qc3 1/2-1/2

[Event "36th Teams Ch-GR"]
[Site "Kallithea Halkidiki"]
[Date "2008.07.06"]
[Round "1.6"]
[White "Ilandzis, Spyridon"]
[Black "Stavrianakis, Ioannis"]
[Result "1/2-1/2"]
[WhiteElo "2196"]
[BlackElo "2176"]
[PlyCount "62"]
[EventDate "2008.07.06"]
[WhiteTeam "OS TRIANDRIAS"]
[BlackTeam "SO HERAKLIOU"]

1. d4 Nf6 2. c4 e6 3. Nf3 b6 4. g3 Ba6 5. Nbd2 b5 6. cxb5 Bxb5 7. Ne5 d5 8. Qb3
c6 9. e4 Qb6 10. Bxb5 Qxb5 11. Qxb5 cxb5 12. a4 b4 13. f3 Nbd7 14. Nd3 dxe4 15.
fxe4 Be7 16. b3 O-O 17. Bb2 Rfc8 18. Rc1 Rxc1+ 19. Bxc1 Rc8 20. Bb2 Ne8 21. Ke2
a5 22. Nc4 Nd6 23. Nxd6 Bxd6 24. Rc1 Rxc1 25. Bxc1 Kf8 26. Bf4 Ke7 27. Nb2 Nb6
28. Kd3 Bxf4 29. gxf4 Kd6 30. Nc4+ Nxc4 31. Kxc4 Kc6 1/2-1/2

[Event "36th Teams Ch-GR"]
[Site "Kallithea Halkidiki"]
[Date "2008.07.06"]
[Round "1.7"]
[White "Zubarev, Alexander"]
[Black "Bojkov, Dejan"]
[Result "1/2-1/2"]
[WhiteElo "2517"]
[BlackElo "2498"]
[PlyCount "47"]
[EventDate "2008.07.06"]
[WhiteTeam "OAA HERAKLIO"]
[BlackTeam "OFS KAVALAS"]

1. d4 Nf6 2. c4 g6 3. Nc3 Bg7 4. e4 d6 5. Nf3 O-O 6. h3 Na6 7. Bg5 e5 8. d5 Qe8
9. Be2 Nh5 10. g3 f5 11. exf5 gxf5 12. Nh4 Nf6 13. g4 Ne4 14. Nxe4 fxe4 15. Qd2
Nc5 16. O-O a5 17. Rac1 Kh8 18. Rc3 Bd7 19. Rg3 Bf6 20. Bxf6+ Rxf6 21. f4 exf4
22. Rxf4 Qe5 23. Rxf6 Qxf6 24. Qc3 1/2-1/2

[Event "36th Teams Ch-GR"]
[Site "Kallithea Halkidiki"]
[Date "2008.07.06"]
[Round "1.7"]
[White "Dimitrov, Atanas"]
[Black "Ris, Robert"]
[Result "1/2-1/2"]
[WhiteElo "2302"]
[BlackElo "2415"]
[PlyCount "39"]
[EventDate "2008.07.06"]
[WhiteTeam "OFS KAVALAS"]
[BlackTeam "OAA HERAKLIO"]

1. Nf3 Nf6 2. c4 g6 3. Nc3 d5 4. cxd5 Nxd5 5. e4 Nxc3 6. dxc3 Qxd1+ 7. Kxd1 Nc6
8. Be3 e5 9. Kc2 f6 10. a4 Kf7 11. a5 a6 12. Bc4+ Be6 13. Nd2 h5 14. b4 Rd8 15.
Rhd1 Bh6 16. Bxh6 Rxh6 17. Bxe6+ Kxe6 18. Nc4 Ke7 19. Rab1 Rhh8 20. h4 1/2-1/2

[Event "36th Teams Ch-GR"]
[Site "Kallithea Halkidiki"]
[Date "2008.07.06"]
[Round "1.7"]
[White "Mastrokoukos, Georgios"]
[Black "Markidis, Konstantinos"]
[Result "1/2-1/2"]
[WhiteElo "2325"]
[BlackElo "2315"]
[PlyCount "64"]
[EventDate "2008.07.06"]
[WhiteTeam "OAA HERAKLIO"]
[BlackTeam "OFS KAVALAS"]

1. d4 Nf6 2. Nf3 g6 3. c4 Bg7 4. g3 c6 5. Bg2 d5 6. cxd5 cxd5 7. Ne5 O-O 8. Nc3
e6 9. O-O Nfd7 10. Nf3 Nc6 11. Bf4 Qb6 12. Na4 Qb5 13. b3 Nf6 14. Bd6 Re8 15.
Nc3 Qa5 16. Qd3 Bd7 17. a3 a6 18. b4 Qd8 19. Rac1 Na7 20. Be5 Rc8 21. Rc2 Nb5
22. Nb1 Rxc2 23. Qxc2 Qe7 24. Qc5 Bf8 25. Qb6 Bc6 26. Bxf6 Qxf6 27. Ne5 Qd8 28.
Qxd8 Rxd8 29. Nxc6 bxc6 30. e3 a5 31. bxa5 Ra8 32. Rc1 Rxa5 1/2-1/2

[Event "36th Teams Ch-GR"]
[Site "Kallithea Halkidiki"]
[Date "2008.07.06"]
[Round "1.7"]
[White "Fakhiridou, Ekaterini"]
[Black "Parginos, Vassilios"]
[Result "1/2-1/2"]
[WhiteElo "2274"]
[BlackElo "2187"]
[PlyCount "50"]
[EventDate "2008.07.06"]
[WhiteTeam "OFS KAVALAS"]
[BlackTeam "OAA HERAKLIO"]

1. e4 c6 2. d4 d5 3. Nc3 dxe4 4. Nxe4 Nf6 5. Nxf6+ gxf6 6. c3 Nd7 7. Bc4 Nb6 8.
Bb3 h5 9. Nf3 Bg4 10. h3 Bf5 11. Nh4 Be4 12. Qe2 f5 13. Nf3 e6 14. Bg5 Bxf3 15.
Bxd8 Bxe2 16. Bxb6 Bf3 17. gxf3 axb6 18. Ke2 Bh6 19. Rhg1 Ke7 20. Rad1 Rhg8 21.
a4 Bf4 22. Ra1 Bh2 23. Rh1 Bf4 24. Rhg1 Bh2 25. Rh1 Bf4 1/2-1/2

[Event "36th Teams Ch-GR"]
[Site "Kallithea Halkidiki"]
[Date "2008.07.06"]
[Round "1.8"]
[White "Ivanisevic, Ivan"]
[Black "Hadzimanolis, Antonios"]
[Result "1-0"]
[WhiteElo "2664"]
[BlackElo "2306"]
[PlyCount "155"]
[EventDate "2008.07.06"]
[WhiteTeam "SO POLICHNIS"]
[BlackTeam "PANATHLITIKOS SF SYKEON"]

1. d4 d5 2. c4 c6 3. Nc3 Nf6 4. Nf3 e6 5. g3 Nbd7 6. Bg2 Bd6 7. O-O O-O 8. Nd2
Qe7 9. e4 dxe4 10. Ndxe4 Bc7 11. Re1 Rd8 12. Qf3 Bb6 13. c5 Bc7 14. b4 Nd5 15.
Nxd5 cxd5 16. Nc3 Qf6 17. Qd3 Qg6 18. Qd1 Nf6 19. a4 Bd7 20. Ra3 a6 21. Bf1 Ne4
22. Bd3 f5 23. Ne2 Qf6 24. Bb1 b6 25. f3 Ng5 26. c6 Be8 27. h4 Nf7 28. Bf4 e5
29. dxe5 Bxe5 30. c7 Rd7 31. Ba2 Bxc7 32. Re3 Re7 33. Rxe7 Qxe7 34. Nd4 Qd7 35.
Bxc7 Qxc7 36. Nxf5 g6 37. Ne7+ Kf8 38. Kg2 Qc3 39. Nxd5 Qb2+ 40. Re2 Bxa4 41.
Qe1 Re8 42. Rxb2 Rxe1 43. Nxb6 Bb5 44. Bc4 Ne5 45. Bxb5 axb5 46. Nd5 Nc4 47.
Ra2 Rd1 48. Ra8+ Kf7 49. Ra7+ Kf8 50. Nc7 Rd2+ 51. Kh3 h5 52. Ne6+ Ke8 53. g4
hxg4+ 54. Kxg4 Ne3+ 55. Kg5 Rg2+ 56. Kf6 Nd5+ 57. Kg7 Rh2 58. Nf8 Nf4 59. Nd7
Rxh4 60. Ne5 Kd8 61. Rb7 Ne6+ 62. Kxg6 Nd4 63. Rf7 Ke8 64. f4 Ne2 65. Kg5 Rh1
66. Rb7 Nc3 67. f5 Re1 68. f6 Rxe5+ 69. Kg6 Re6 70. Kg7 Rxf6 71. Kxf6 Kd8 72.
Ke6 Kc8 73. Rh7 Na2 74. Rh4 Kc7 75. Kd5 Kb6 76. Rh6+ Kb7 77. Kc5 Nc3 78. Rh3
1-0

[Event "36th Teams Ch-GR"]
[Site "Kallithea Halkidiki"]
[Date "2008.07.06"]
[Round "1.8"]
[White "Argiroudis, Stamatis"]
[Black "Likavsky, Tomas"]
[Result "0-1"]
[WhiteElo "2251"]
[BlackElo "2485"]
[PlyCount "90"]
[EventDate "2008.07.06"]
[WhiteTeam "PANATHLITIKOS SF SYKEON"]
[BlackTeam "SO POLICHNIS"]

1. Nf3 c5 2. c4 Nc6 3. b3 Nf6 4. Bb2 d5 5. cxd5 Nxd5 6. g3 f6 7. Bg2 e5 8. O-O
Be7 9. Nc3 Be6 10. e3 O-O 11. Qe2 Qb6 12. Rfd1 Rad8 13. Nxd5 Bxd5 14. Nh4 Bxg2
15. Kxg2 Rf7 16. Qc4 Bf8 17. Bc3 Na5 18. Qg4 Rfd7 19. Kg1 Nc6 20. Qe6+ Kh8 21.
f4 exf4 22. gxf4 Ne7 23. Qxb6 axb6 24. Kf2 b5 25. Nf3 Nd5 26. Bb2 Nb4 27. d4 c4
28. Ke2 Re8 29. bxc4 bxc4 30. Ba3 Nd5 31. Bxf8 Nc3+ 32. Kd2 Nxd1 33. Rxd1 Rxf8
34. e4 Ra8 35. d5 Rxa2+ 36. Ke3 Ra3+ 37. Kf2 c3 38. Nd4 Kg8 39. Rc1 Ra2+ 40.
Ke3 Rxh2 41. Rxc3 Rh3+ 42. Nf3 g5 43. fxg5 fxg5 44. Kd4 Kg7 45. e5 Rf7 0-1

[Event "36th Teams Ch-GR"]
[Site "Kallithea Halkidiki"]
[Date "2008.07.06"]
[Round "1.8"]
[White "Haritakis, Theodoros"]
[Black "Nikolaou, Georgios"]
[Result "0-1"]
[WhiteElo "2276"]
[BlackElo "2250"]
[PlyCount "136"]
[EventDate "2008.07.06"]
[WhiteTeam "SO POLICHNIS"]
[BlackTeam "PANATHLITIKOS SF SYKEON"]

1. e4 c5 2. Nf3 d6 3. d4 cxd4 4. Nxd4 Nf6 5. Nc3 g6 6. Be3 Bg7 7. f3 O-O 8. Qd2
Nc6 9. O-O-O d5 10. exd5 Nxd5 11. Nxc6 bxc6 12. Bd4 e5 13. Bc5 Rb8 14. Bc4 Be6
15. Bb3 a5 16. Ne4 Re8 17. g4 Qc7 18. g5 Red8 19. Qf2 h5 20. h4 Qb7 21. a4 Nf4
22. Rxd8+ Rxd8 23. Bxe6 Nxe6 24. b3 Rd5 25. Ba3 Nd4 26. Qe3 Qc7 27. Re1 Nf5 28.
Qf2 Qd8 29. Nc3 Rd4 30. Re4 Nd6 31. Bxd6 Qxd6 32. Rxd4 exd4 33. Ne4 Qf4+ 34.
Kb1 Qe5 35. Qg3 Qxg3 36. Nxg3 f5 37. f4 Kf7 38. Kc1 Ke6 39. Kd2 Kd5 40. Kd3 Bf8
41. Ne2 Bc5 42. Ng1 Bd6 43. Ne2 Bc7 44. Nxd4 Bxf4 45. c4+ Kd6 46. b4 axb4 47.
a5 Be5 48. c5+ Kxc5 49. a6 Bb8 50. Nxf5 Kb5 51. Nd4+ Kb6 52. Kc4 c5 53. Nb3 Bd6
54. Kd5 Bf8 55. Ke6 c4 56. Nd2 c3 57. Nb3 c2 58. Kf7 Bd6 59. Kxg6 Bf4 60. Kxh5
c1=Q 61. Nxc1 Bxc1 62. g6 Bb2 63. Kg5 b3 64. h5 Bh8 65. h6 b2 66. g7 Bxg7 67.
hxg7 b1=Q 68. g8=Q Qg1+ 0-1

[Event "36th Teams Ch-GR"]
[Site "Kallithea Halkidiki"]
[Date "2008.07.06"]
[Round "1.8"]
[White "Zalahoras, Nikolaos"]
[Black "Novidis, Nikolaos"]
[Result "0-1"]
[WhiteElo "2181"]
[BlackElo "2139"]
[PlyCount "64"]
[EventDate "2008.07.06"]
[WhiteTeam "PANATHLITIKOS SF SYKEON"]
[BlackTeam "SO POLICHNIS"]

1. c4 Nf6 2. Nc3 g6 3. g3 Bg7 4. Bg2 O-O 5. e4 d6 6. Nge2 Nc6 7. O-O a6 8. d3
Rb8 9. Rb1 b5 10. cxb5 axb5 11. b4 e5 12. Qc2 Bd7 13. f4 Nd4 14. fxe5 Nxc2 15.
exf6 Bxf6 16. Nd5 Bg7 17. Bb2 f6 18. Rbc1 c6 19. Rxc2 cxd5 20. exd5 f5 21. d4
g5 22. Kh1 Rc8 23. Rd2 Qe7 24. Nc1 Rfe8 25. Nb3 f4 26. gxf4 gxf4 27. Rdf2 Rf8
28. Bf3 Bh3 29. Re2 Qf7 30. Rg1 Rfe8 31. Rxe8+ Qxe8 32. Nc5 Qe3 0-1

[Event "36th Teams Ch-GR"]
[Site "Kallithea Halkidiki"]
[Date "2008.07.06"]
[Round "1.8"]
[White "Lazaridis, Har"]
[Black "Loukopoulos, Spyridon"]
[Result "1/2-1/2"]
[WhiteElo "2086"]
[BlackElo "2119"]
[PlyCount "103"]
[EventDate "2008.07.06"]
[WhiteTeam "SO POLICHNIS"]
[BlackTeam "PANATHLITIKOS SF SYKEON"]

1. d4 Nf6 2. c4 g6 3. Nc3 Bg7 4. e4 d6 5. Nge2 O-O 6. Ng3 e5 7. d5 c5 8. a3 Na6
9. f3 h5 10. Bg5 Qb6 11. Bd3 Nh7 12. Be3 Bd7 13. O-O Rab8 14. b4 Qd8 15. Nb5
Qb6 16. Rb1 Rbc8 17. Kh1 Bxb5 18. cxb5 Nb8 19. bxc5 dxc5 20. Rf2 Nd7 21. Nf1
Nhf6 22. Nd2 Ne8 23. Nc4 Qc7 24. f4 Nd6 25. f5 Nf6 26. fxg6 fxg6 27. Qc2 Nxc4
28. Bxc4 Qd6 29. Rbf1 Ng4 30. Rxf8+ Rxf8 31. Rxf8+ Bxf8 32. Bg5 Kh7 33. h3 Bh6
34. hxg4 Bxg5 35. Qf2 Kg7 36. gxh5 gxh5 37. Qf5 Qf6 38. Qd7+ Qe7 39. Qh3 Qf7
40. Qg3 Qf4 41. Qxf4 Bxf4 42. Kg1 Bg5 43. Kf2 Be7 44. a4 Bd8 45. Kf3 Kg6 46.
Bb3 Kg5 47. Bc4 Kf6 48. Bb3 Kg7 49. Bc4 Kf8 50. Kg3 Kg7 51. Kf3 Kg6 52. Bb3
1/2-1/2

[Event "36th Teams Ch-GR"]
[Site "Kallithea Halkidiki"]
[Date "2008.07.06"]
[Round "1.9"]
[White "Willemze, Thomas"]
[Black "Kryvoruchko, Yuriy"]
[Result "1-0"]
[WhiteElo "2398"]
[BlackElo "2628"]
[PlyCount "95"]
[EventDate "2008.07.06"]
[WhiteTeam "SO KALLITHEAS"]
[BlackTeam "SA CHANION"]

1. e4 c5 2. Nf3 e6 3. d4 cxd4 4. Nxd4 a6 5. Bd3 Bc5 6. Nb3 Ba7 7. Nc3 Nc6 8.
O-O Nf6 9. Qe2 d6 10. Be3 b5 11. a4 b4 12. Nd1 O-O 13. Kh1 Na5 14. Nd2 e5 15.
Bg5 Nc6 16. Nb3 Nd4 17. Nxd4 Bxd4 18. Ne3 h6 19. Bxf6 Qxf6 20. Nd5 Qd8 21. Nxb4
Bxb2 22. Rab1 Bc3 23. Nd5 Bd4 24. c3 Bc5 25. f4 exf4 26. Rxf4 a5 27. Bc4 Be6
28. Rb7 Rb8 29. Rxb8 Qxb8 30. Rf1 Qd8 31. Nf4 Bxc4 32. Qxc4 Qg5 33. Nd3 Be3 34.
Rf3 Bb6 35. Qc6 Bc5 36. Qb5 Be3 37. Qc4 Bd2 38. Rf5 Qe3 39. Rf3 Qa7 40. h3 Rb8
41. Rf1 Qe7 42. Qd4 Rc8 43. c4 Bg5 44. Qd5 Qc7 45. Rb1 Qxc4 46. Rb8 Qa6 47. Qb5
Rxb8 48. Qxa6 1-0

[Event "36th Teams Ch-GR"]
[Site "Kallithea Halkidiki"]
[Date "2008.07.06"]
[Round "1.9"]
[White "Kalaitzoglou, Panayotis"]
[Black "Gesos, Pavlos"]
[Result "1/2-1/2"]
[WhiteElo "2198"]
[BlackElo "2321"]
[PlyCount "105"]
[EventDate "2008.07.06"]
[WhiteTeam "SA CHANION"]
[BlackTeam "SO KALLITHEAS"]

1. e4 Nf6 2. e5 Nd5 3. d4 d6 4. Nf3 g6 5. c4 Nb6 6. Be2 Nc6 7. exd6 cxd6 8. d5
Ne5 9. Nxe5 dxe5 10. b3 Bg7 11. Bb2 O-O 12. O-O e6 13. d6 Bd7 14. Nc3 Bc6 15.
Re1 Rc8 16. Qd2 Qh4 17. Bf1 Rfd8 18. Rad1 Nd7 19. g3 Qg4 20. Bg2 f5 21. Qe2
Qxe2 22. Nxe2 Nc5 23. Nc1 Bxg2 24. Kxg2 e4 25. Bxg7 Kxg7 26. Rd2 Rc6 27. b4 Nd3
28. Nxd3 Rcxd6 29. Nc5 Rxd2 30. Nxe6+ Kf6 31. Nxd8 Rxd8 32. Re2 Rd3 33. Rc2 Ke5
34. c5 a6 35. a4 Kd5 36. b5 Rb3 37. c6 bxc6 38. bxc6 Rb8 39. c7 Rc8 40. f3
exf3+ 41. Kxf3 Kd6 42. Kf4 Rxc7 43. Rxc7 Kxc7 44. Kg5 Kd7 45. Kh6 Ke6 46. h4 a5
47. Kxh7 Kf7 48. Kh6 Kf6 49. Kh7 g5 50. hxg5+ Kxg5 51. Kg7 f4 52. gxf4+ Kxf4
53. Kg6 1/2-1/2

[Event "36th Teams Ch-GR"]
[Site "Kallithea Halkidiki"]
[Date "2008.07.06"]
[Round "1.9"]
[White "Hrisanthopoulos, Dimitrios"]
[Black "Darmarakis, Mihail"]
[Result "0-1"]
[WhiteElo "2175"]
[BlackElo "2184"]
[PlyCount "64"]
[EventDate "2008.07.06"]
[WhiteTeam "SO KALLITHEAS"]
[BlackTeam "SA CHANION"]

1. e4 c5 2. Nf3 e6 3. d4 cxd4 4. Nxd4 Nf6 5. Bd3 Nc6 6. Nb3 d5 7. exd5 Nxd5 8.
a3 Qc7 9. O-O Bd6 10. h3 O-O 11. c4 Nf4 12. Bxf4 Bxf4 13. Qc2 g6 14. Nc3 b6 15.
Ne2 Be5 16. Rac1 Bb7 17. c5 Rac8 18. Rfd1 Qe7 19. f4 Bb8 20. Qb1 e5 21. cxb6
axb6 22. f5 e4 23. Bxe4 Rfe8 24. Bf3 Qe3+ 25. Kh1 Qxb3 26. fxg6 hxg6 27. Rd7
Ne5 28. Bxb7 Rxc1+ 29. Nxc1 Qe3 30. Rd1 Ng4 31. hxg4 Kg7 32. Nd3 Rh8# 0-1

[Event "36th Teams Ch-GR"]
[Site "Kallithea Halkidiki"]
[Date "2008.07.06"]
[Round "1.9"]
[White "Fragakis, Efstratios"]
[Black "Nearhou, Anastasios"]
[Result "1/2-1/2"]
[WhiteElo "2105"]
[BlackElo "1946"]
[PlyCount "75"]
[EventDate "2008.07.06"]
[WhiteTeam "SA CHANION"]
[BlackTeam "SO KALLITHEAS"]

1. d4 Nf6 2. Nf3 g6 3. c4 Bg7 4. Nc3 O-O 5. g3 d6 6. Bg2 c6 7. O-O h6 8. Re1
Nbd7 9. e4 e5 10. d5 cxd5 11. cxd5 a5 12. Rb1 Ne8 13. a3 f5 14. Nd2 f4 15. b4
axb4 16. axb4 Ndf6 17. Nc4 Bg4 18. Qd3 g5 19. Bd2 h5 20. Ra1 Rxa1 21. Rxa1 h4
22. Ra7 hxg3 23. hxg3 Rf7 24. Nb5 fxg3 25. fxg3 Nh5 26. Qe3 Qf6 27. Ra8 Rf8 28.
Rb8 Qf7 29. Kh2 Bh6 30. Qb6 Nxg3 31. Nc3 Qh5+ 32. Kg1 Rf1+ 33. Bxf1 Qh1+ 34.
Kf2 Qf3+ 35. Kg1 Qxf1+ 36. Kh2 Qh3+ 37. Kg1 Qf1+ 38. Kh2 1/2-1/2

[Event "36th Teams Ch-GR"]
[Site "Kallithea Halkidiki"]
[Date "2008.07.06"]
[Round "1.10"]
[White "Koukoufikis, Georgios"]
[Black "Kapnisis, Spyridon"]
[Result "0-1"]
[WhiteElo "2224"]
[BlackElo "2405"]
[PlyCount "78"]
[EventDate "2008.07.06"]
[WhiteTeam "SO IKARIAS I. TZELEPIS"]
[BlackTeam "SAS KOROPIOU"]

1. e4 e5 2. Nf3 Nc6 3. Bc4 Bc5 4. c3 Nf6 5. d3 a6 6. Bb3 Ba7 7. Nbd2 O-O 8. Nf1
d5 9. Ng3 dxe4 10. dxe4 Qxd1+ 11. Bxd1 Be6 12. h3 h6 13. Be2 Nd7 14. O-O Nc5
15. Be3 Na4 16. Bxa7 Rxa7 17. Rfb1 Rd8 18. Nf1 b5 19. N1d2 Raa8 20. Bd1 f6 21.
Bb3 Kf7 22. Kf1 Rd7 23. Ke2 Rad8 24. Bxa4 bxa4 25. b3 Rd3 26. Rc1 g5 27. Rc2
Ne7 28. Nc4 Ng6 29. g3 R3d7 30. Ne3 Bxh3 31. c4 Be6 32. Nd5 Ne7 33. Ne1 Nc6 34.
Rc3 Nd4+ 35. Kf1 Bh3+ 36. Ng2 Rb8 37. Rb1 a5 38. Nde3 c6 39. Rd3 Rdb7 0-1

[Event "36th Teams Ch-GR"]
[Site "Kallithea Halkidiki"]
[Date "2008.07.06"]
[Round "1.10"]
[White "Khetsuriani, Besarion"]
[Black "Siempos, Konstantinos"]
[Result "1-0"]
[WhiteElo "2350"]
[BlackElo "1975"]
[PlyCount "85"]
[EventDate "2008.07.06"]
[WhiteTeam "SAS KOROPIOU"]
[BlackTeam "SO IKARIAS I. TZELEPIS"]

1. Nf3 c5 2. c4 Nc6 3. g3 g6 4. Bg2 Bg7 5. O-O d6 6. Nc3 Nh6 7. d4 Nf5 8. dxc5
dxc5 9. Qxd8+ Nxd8 10. Nd5 O-O 11. g4 Nd6 12. Nxe7+ Kh8 13. Nxc8 Rxc8 14. Nd2
Nc6 15. e3 Nb4 16. a3 Nd3 17. Rb1 Ne5 18. h3 Nexc4 19. Nxc4 Nxc4 20. Bxb7 Rb8
21. Bd5 Nxb2 22. e4 f5 23. Be3 Bd4 24. Rfc1 fxg4 25. hxg4 Bxe3 26. fxe3 Nd3 27.
Rxb8 Rxb8 28. Rc3 Ne5 29. g5 c4 30. Kg2 Kg7 31. Rc2 Rb3 32. Bxc4 Nxc4 33. Rxc4
Rxa3 34. Rc7+ Kg8 35. Kf3 Ra1 36. e5 Rf1+ 37. Ke4 Rf7 38. Rc6 Re7 39. e6 a5 40.
Ra6 a4 41. Ra8+ Kg7 42. Kd5 Rb7 43. Kc6 1-0

[Event "36th Teams Ch-GR"]
[Site "Kallithea Halkidiki"]
[Date "2008.07.06"]
[Round "1.10"]
[White "Vazouras, Theodoros"]
[Black "Delithanasis, Dimitrios"]
[Result "0-1"]
[WhiteElo "1912"]
[BlackElo "2228"]
[PlyCount "64"]
[EventDate "2008.07.06"]
[WhiteTeam "SO IKARIAS I. TZELEPIS"]
[BlackTeam "SAS KOROPIOU"]

1. c4 Nf6 2. Nc3 d5 3. cxd5 Nxd5 4. g3 Nc6 5. Bg2 Nb6 6. Nf3 e5 7. O-O Be7 8.
a3 g5 9. d4 exd4 10. Nb5 Bf6 11. e3 d3 12. Nbd4 Nxd4 13. exd4 g4 14. Re1+ Be6
15. Ne5 Qxd4 16. Nxg4 O-O-O 17. Qf3 Qxg4 18. Qxb7+ Kd7 19. Bf4 Ke7 20. Qxc7+
Kf8 21. Re4 Qh5 22. g4 Qg6 23. Bd6+ Kg8 24. f4 Rd7 25. Qc5 Qxg4 26. Re3 Qf5 27.
Rg3+ Bg7 28. Qc3 f6 29. Bh3 Qd5 30. Qxf6 Bg4 31. Bxg4 Qd4+ 32. Qxd4 Bxd4+ 0-1

[Event "36th Teams Ch-GR"]
[Site "Kallithea Halkidiki"]
[Date "2008.07.07"]
[Round "2.1"]
[White "Likavsky, Tomas"]
[Black "Siebrecht, Sebastian"]
[Result "1/2-1/2"]
[WhiteElo "2485"]
[BlackElo "2453"]
[PlyCount "69"]
[EventDate "2008.07.06"]
[WhiteTeam "SO POLICHNIS"]
[BlackTeam "SA THES/NIKIS O GALAXIAS"]

1. d4 d5 2. c4 c6 3. Nf3 Nf6 4. e3 Bg4 5. Nc3 e6 6. h3 Bxf3 7. Qxf3 Nbd7 8. Bd2
Bd6 9. g4 Bb4 10. Bd3 e5 11. cxd5 cxd5 12. dxe5 Nxe5 13. Bb5+ Nc6 14. a3 Bxc3
15. Bxc3 a6 16. Bxc6+ bxc6 17. Rc1 Qd6 18. Qf5 Qe6 19. Qxe6+ fxe6 20. Bxf6 gxf6
21. Rxc6 Kd7 22. Rc2 h5 23. gxh5 Rxh5 24. Ke2 a5 25. Kd3 Rb8 26. Kc3 a4 27. Rd2
Rc8+ 28. Kd3 Kd6 29. Ke2 e5 30. f3 Ke6 31. Kf2 Rch8 32. Kg3 Rg8+ 33. Kf2 Rgh8
34. Kg2 Rg8+ 35. Kf2 1/2-1/2

[Event "36th Teams Ch-GR"]
[Site "Kallithea Halkidiki"]
[Date "2008.07.07"]
[Round "2.1"]
[White "Georgiev, Krum"]
[Black "Theofilopoulos, Aris"]
[Result "1-0"]
[WhiteElo "2446"]
[BlackElo "2202"]
[PlyCount "89"]
[EventDate "2008.07.06"]
[WhiteTeam "SA THES/NIKIS O GALAXIAS"]
[BlackTeam "SO POLICHNIS"]

1. e4 c5 2. Nf3 e6 3. b3 Nc6 4. Bb2 d6 5. d4 cxd4 6. Nxd4 Nxd4 7. Qxd4 Bd7 8.
Nc3 Bc6 9. O-O-O Nf6 10. Be2 Qa5 11. f4 d5 12. exd5 Nxd5 13. Nxd5 Bxd5 14. c4
Qc7 15. f5 O-O-O 16. Qxa7 Qf4+ 17. Kb1 Be4+ 18. Ka1 Bd6 19. fxe6 fxe6 20. g3
Qg5 21. Rhf1 Bb8 22. Qb6 Bc6 23. Bd3 Rhf8 24. Qg1 Be5 25. Rxf8 Bxb2+ 26. Kxb2
Qe5+ 27. Kb1 Rxf8 28. Qe1 Qxe1 29. Rxe1 Kd7 30. Rf1 Rxf1+ 31. Bxf1 Kd6 32. Kc2
Ke5 33. Kd3 Be4+ 34. Ke3 Bb1 35. a3 Ba2 36. b4 b6 37. a4 Kd6 38. Kd4 Bb3 39.
c5+ bxc5+ 40. bxc5+ Kc7 41. a5 Kb7 42. Bc4 Ba4 43. a6+ Ka7 44. Ke5 Bd7 45. Ke4
1-0

[Event "36th Teams Ch-GR"]
[Site "Kallithea Halkidiki"]
[Date "2008.07.07"]
[Round "2.1"]
[White "Haritakis, Theodoros"]
[Black "Vragoteris, Antonios"]
[Result "1-0"]
[WhiteElo "2276"]
[BlackElo "2290"]
[PlyCount "95"]
[EventDate "2008.07.06"]
[WhiteTeam "SO POLICHNIS"]
[BlackTeam "SA THES/NIKIS O GALAXIAS"]

1. e4 c5 2. c3 Nf6 3. e5 Nd5 4. Nf3 e6 5. Bc4 b6 6. O-O Bb7 7. d4 cxd4 8. cxd4
Qc7 9. Qe2 d6 10. Bd2 Nd7 11. Rc1 Qd8 12. Bxd5 Bxd5 13. Nc3 Bxf3 14. Qxf3 a6
15. Ne4 d5 16. Ng5 Qe7 17. Rc7 h6 18. Nxf7 Qxf7 19. Qxf7+ Kxf7 20. Rxd7+ Be7
21. Bb4 Rhe8 22. Rc1 Kf8 23. Rxe7 Rxe7 24. Rc6 Kf7 25. Bxe7 Kxe7 26. Kf1 Rb8
27. Rc7+ Kf8 28. Ke2 Kg8 29. f4 h5 30. h3 Rf8 31. Ke3 h4 32. Rc6 g5 33. fxg5
Rf5 34. Rxe6 Rxg5 35. Rxb6 Rxg2 36. Rxa6 Rxb2 37. Ra5 Rh2 38. Rxd5 Rxh3+ 39.
Kf4 Ra3 40. e6 Kf8 41. Rd7 h3 42. Rh7 Rxa2 43. Rxh3 Re2 44. Kf5 Ke7 45. Rh7+
Kd6 46. Rd7+ Kc6 47. Kf6 Rf2+ 48. Ke7 1-0

[Event "36th Teams Ch-GR"]
[Site "Kallithea Halkidiki"]
[Date "2008.07.07"]
[Round "2.1"]
[White "Kanakaris, Georgios"]
[Black "Tantsis, Georgios"]
[Result "1-0"]
[WhiteElo "2284"]
[BlackElo "2193"]
[PlyCount "99"]
[EventDate "2008.07.06"]
[WhiteTeam "SA THES/NIKIS O GALAXIAS"]
[BlackTeam "SO POLICHNIS"]

1. d4 Nf6 2. c4 c5 3. d5 e5 4. Nc3 d6 5. e4 Be7 6. Nf3 O-O 7. h3 a6 8. a4 b6 9.
Bd3 Nbd7 10. Be3 Ne8 11. Qd2 Ra7 12. h4 Ndf6 13. Nh2 Bd7 14. Qe2 Rb7 15. O-O
Nc7 16. f4 Nfe8 17. h5 Qb8 18. Qf2 f6 19. Qg3 b5 20. axb5 axb5 21. b3 bxc4 22.
Bxc4 Kh8 23. Ng4 Nb5 24. Nxb5 Bxb5 25. Bd2 Bxc4 26. bxc4 Rb3 27. Ne3 f5 28.
exf5 Bf6 29. Rae1 exf4 30. Qxf4 Be5 31. Qh4 Bf6 32. Qg4 Bd4 33. Kh1 Nf6 34. Qh4
Qe8 35. Nc2 Be5 36. Bf4 Nxh5 37. Bxe5 dxe5 38. Re3 Rb2 39. Ne1 Rf6 40. Kg1 Rh6
41. Rxe5 Qb8 42. Nf3 Nf6 43. Qg5 Rh5 44. Qf4 Nd7 45. Re7 Nf6 46. d6 Qf8 47.
Rfe1 Rb8 48. d7 Rd8 49. Qc7 Rxd7 50. Rxd7 1-0

[Event "36th Teams Ch-GR"]
[Site "Kallithea Halkidiki"]
[Date "2008.07.07"]
[Round "2.1"]
[White "Haritopoulou, Maria-Anna"]
[Black "Barbageorgopoulou, Fani"]
[Result "1/2-1/2"]
[WhiteElo "1663"]
[BlackElo "1800"]
[PlyCount "97"]
[EventDate "2008.07.06"]
[WhiteTeam "SA THES/NIKIS O GALAXIAS"]
[BlackTeam "SO POLICHNIS"]

1. d4 Nf6 2. c4 c5 3. d5 b5 4. a4 b4 5. g3 d6 6. Bg2 g6 7. b3 Bg7 8. Bb2 O-O 9.
e4 Qc7 10. Ne2 Bb7 11. Nd2 e6 12. O-O e5 13. Nc1 Nfd7 14. Nd3 f5 15. f4 Qd8 16.
Qc2 Na6 17. Rae1 exf4 18. Bxg7 Kxg7 19. Nxf4 Nc7 20. Ne6+ Nxe6 21. dxe6 Ne5 22.
exf5 Bxg2 23. Kxg2 gxf5 24. Rxf5 Rxf5 25. Qxf5 Qe7 26. Qe4 Re8 27. Nf3 Qxe6 28.
Nxe5 dxe5 29. h3 Re7 30. Rd1 Kf6 31. Rf1+ Kg7 32. Rd1 Kf6 33. Rf1+ Kg7 34. Re1
Qd6 35. Qg4+ Qg6 36. Qxg6+ Kxg6 37. Kf3 Kf5 38. g4+ Kg5 39. Kg3 e4 40. h4+ Kg6
41. Re3 Rd7 42. Kf4 Rd4 43. Rxe4 Rd3 44. Re3 Rd4+ 45. Kf3 Kf6 46. Kg3 h6 47.
Kf3 Rd2 48. h5 Rd4 49. Re4 1/2-1/2

[Event "36th Teams Ch-GR"]
[Site "Kallithea Halkidiki"]
[Date "2008.07.07"]
[Round "2.2"]
[White "Kryvoruchko, Yuriy"]
[Black "Miroshnichenko, Evgenij"]
[Result "1/2-1/2"]
[WhiteElo "2628"]
[BlackElo "2593"]
[PlyCount "29"]
[EventDate "2008.07.06"]
[WhiteTeam "SA CHANION"]
[BlackTeam "ES THESSALONIKIS"]

1. e4 c5 2. Nf3 Nc6 3. d4 cxd4 4. Nxd4 Nf6 5. Nc3 d6 6. f3 Nxd4 7. Qxd4 g6 8.
Bg5 Bg7 9. Bb5+ Bd7 10. Bxd7+ Qxd7 11. O-O-O O-O 12. Qd3 Qe6 13. Kb1 Rfc8 14.
h4 Rc4 15. Nd5 1/2-1/2